000 00694nam a2200289Ia 4500
005 20260324115914.0
008 008 260324s9999 xx 000 0 eng d
020 _a9781032682495
037 _aEBOOK
040 _aCRL
040 _beng
040 _cCRL
041 _2eng
041 _aeng
084 _qCRL
100 _aFranki Sibberson; Karen Szymusiak
_91156456
245 0 _aStill Learning to Read
245 0 _bTeaching Students in Grades 3–6
260 _bTaylor and Francis
260 _c2016
365 _a
365 _b165
856 _uhttp://www.taylorfrancis.com/books/9781032682495
942 _cEBOOK
999 _c1747687
_d1747687